Online
Catalog

Curso sintético de latín clásico / (Record no. 33046)

MARC details
000 -CABECERA
campo de control de longitud fija 00455nam a2200145 a 4500
001 - NÚMERO DE CONTROL
campo de control 000033555
005 - FECHA Y HORA DE LA ÚLTIMA TRANSACCIÓN
campo de control 20240301142239.0
008 - DATOS DE LONGITUD FIJA--INFORMACIÓN GENERAL
campo de control de longitud fija 110831s1889 sp 000 0 spa d
040 ## - FUENTE DE LA CATALOGACIÓN
Centro catalogador/agencia de origen DO-SdBNP
Lengua de catalogación spa
Centro/agencia transcriptor BNPHU
082 ## - NÚMERO DE LA CLASIFICACIÓN DECIMAL DEWEY
Número de clasificación xxx
100 1# - ENTRADA PRINCIPAL--NOMBRE DE PERSONA
Nombre de persona Núñez de Cáceres, José,
Fechas asociadas al nombre 1772-1846
9 (RLIN) 13255
245 10 - MENCIÓN DE TÍTULO
Título Curso sintético de latín clásico /
Mención de responsabilidad, etc. José Núñez de Cáceres.
260 ## - PUBLICACIÓN, DISTRIBUCIÓN, ETC.
Lugar de publicación, distribución, etc. Barcelona :
Nombre del editor, distribuidor, etc. Imprenta de Luís Tasso,
Fecha de publicación, distribución, etc. 1889.
300 ## - DESCRIPCIÓN FÍSICA
Extensión 167 p. ;
Dimensiones 20 cm.
Holdings
Estado de retiro Estado de pérdida Restricciones de uso No para préstamo Código de colección Localización permanente Ubicación/localización actual Ubicación en estantería Fecha de adquisición Número de inventario Total de préstamos Signatura topográfica completa Código de barras Fecha visto por última vez Precio válido a partir de Tipo de ítem Koha Nota pública
      Excluido de préstamo Raros y valiosos Patrimonio Dominicano Patrimonio Dominicano En catalogación 31.08.2011 LF1   xxx 33555-10 25.06.2020 25.06.2020 No se presta Perteneció a la biblioteca personal de Carlos Larrazabal Blanco

Powered by Koha